コンテンツを見る
VuFind
言語
English
Deutsch
Español
Français
Italiano
日本語
Nederlands
Português
Português (Brasil)
中文(简体)
中文(繁體)
Türkçe
עברית
Gaeilge
Cymraeg
Ελληνικά
Català
Euskara
Русский
Čeština
Suomi
Svenska
polski
Dansk
slovenščina
اللغة العربية
বাংলা
Galego
Tiếng Việt
Hrvatski
हिंदी
全フィールド
タイトル
著者
主題
請求記号
ISBN/ISSN
タグ
検索
詳細検索
フィルターのリセット
関連のトピックス:
host plants
フィルターのリセット
フィルター表示 (1)
関連のトピックス:
host plants
検索
Graduate School of Oce
この資料を引用
この資料をメール
印刷
エクスポート
エクスポート先: RefWorks
エクスポート先: EndNoteWeb
エクスポート先: EndNote
permanent_link
ロード中...
Graduate School of Oce
書誌詳細
言語:
English
所蔵
その他の書誌記述
類似資料
MARC表示
LEADER
00198nam a22000857a 4500
005
20151028162549.0
008
101021t xxu||||| |||| 00| 0 eng d
245
|a
Graduate School of Oce
942
|c
BK
|6
_
999
|c
82298
|d
82298
類似資料
The Oce
Oce
IOC (Intergovernmental Oce Technical Series
Graduate school : A study of graduate work at the London school of Economics /
著者:: Glennerster, Howard
出版事項: (1966)
Graduate School of Oceanogra
ロード中...